[Event "Marathon de Granby-B"]
[Site "Granby CAN"]
[Date "2004.05.02"]
[Round "7"]
[White "Vallieres, David"]
[Black "Kraiouchkine, Nikita"]
[Result "0-1"]
[WhiteElo "1196"]
[BlackElo "1574"]
[PlyCount "104"]
[EventDate "2004.04.30"]
[EventType "swiss"]
[EventRounds "7"]
[EventCountry "CAN"]

1. Nf3 Nf6 2. c4 g6 3. Nc3 d5 4. cxd5 Nxd5 5. d4 Bg7 6. e4 Nxc3 7. bxc3 c5 8.
Bc4 Nc6 9. Be3 O-O 10. O-O Bg4 11. d5 Ne5 12. Be2 Nxf3+ 13. Bxf3 Bxf3 14. Qxf3
Qa5 15. Bd2 b5 16. a4 bxa4 17. Ra3 Rab8 18. Rfa1 Rb2 19. Qe3 Rfb8 20. Qe1 Qb6
21. Rxa4 Rb1 22. Rxb1 Qxb1 23. f3 Qc2 24. Ra1 Rb2 25. Qc1 Qxd2 26. Qxd2 Rxd2
27. Rxa7 e6 28. Ra8+ Bf8 29. c4 exd5 30. exd5 Kg7 31. Kf1 Rc2 32. Ra4 Rb2 33.
h3 Rb4 34. Rxb4 cxb4 35. Ke2 Kf6 36. g4 g5 37. Kd3 Ke5 38. Ke3 Bc5+ 39. Ke2 Kd4
40. Kd2 Kxc4 41. Kc2 Kxd5 42. Kb3 Ke5 43. h4 gxh4 44. f4+ Kxf4 45. g5 h3 46. g6
hxg6 47. Kc2 h2 48. Kb2 h1=Q 49. Kc2 Qf3 50. Kb2 Qc3+ 51. Kb1 Bd4 52. Ka2 Qb2#
0-1

[Event "Laval XXI"]
[Site "Laval CAN"]
[Date "2004.04.18"]
[Round "5"]
[White "Hebert, Pierre"]
[Black "Kraiouchkine, Nikita"]
[Result "0-1"]
[WhiteElo "1476"]
[BlackElo "1474"]
[PlyCount "82"]
[EventDate "2004.04.16"]
[EventType "swiss"]
[EventRounds "5"]
[EventCountry "CAN"]

1. d4 Nf6 2. Nf3 g6 3. c4 Bg7 4. Nc3 d5 5. e3 O-O 6. Be2 b6 7. O-O Bb7 8. Bd2
c5 9. cxd5 Nxd5 10. Nxd5 Qxd5 11. Bc3 cxd4 12. Bxd4 Bxd4 13. Qxd4 Qxd4 14. Nxd4
Nd7 15. Bf3 Bxf3 16. Nxf3 Rac8 17. Rfd1 Rfd8 18. Kf1 Nc5 19. Ke2 Ne6 20. Rxd8+
Rxd8 21. Rd1 Rxd1 22. Kxd1 Kg7 23. b4 Kf6 24. Kd2 Nc7 25. Kd3 h6 26. Nd4 a6 27.
a3 Ke5 28. Nc6+ Kd6 29. Nd4 e5 30. Nc2 f5 31. f3 Ne8 32. a4 Nf6 33. e4 fxe4+
34. fxe4 Ng4 35. h3 Nf2+ 36. Ke3 Nd1+ 37. Kd2 Nb2 38. b5 axb5 39. axb5 Kc5 40.
Ne3 Nc4+ 41. Nxc4 Kxc4 0-1

[Event "Sherbrooke op-B"]
[Site "Sherbrooke CAN"]
[Date "2004.05.29"]
[Round "2"]
[White "Kraiouchkine, Nikita"]
[Black "Roy, Roger"]
[Result "1/2-1/2"]
[WhiteElo "1571"]
[BlackElo "1832"]
[PlyCount "55"]
[EventDate "2004.??.??"]
[EventType "swiss"]
[EventRounds "5"]
[EventCountry "CAN"]

1. e4 c5 2. Nf3 d6 3. d4 cxd4 4. Nxd4 Nf6 5. Nc3 a6 6. Bg5 Nbd7 7. Qd2 h6 8.
Bh4 b5 9. f3 Bb7 10. g4 Rc8 11. Bg2 Qc7 12. a3 e5 13. Nf5 g6 14. Ne3 Be7 15.
Bf2 Nb6 16. O-O Nc4 17. Nxc4 Qxc4 18. Rfd1 g5 19. Bf1 Qc7 20. a4 b4 21. Na2 a5
22. c3 bxc3 23. Nxc3 Qd7 24. Nb5 Nxe4 25. fxe4 Qxg4+ 26. Bg3 Qxe4 27. Nxd6+
Bxd6 28. Qxd6 1/2-1/2

[Event "Sherbrooke op-B"]
[Site "Sherbrooke CAN"]
[Date "2004.05.29"]
[Round "3"]
[White "Danis, Jacques"]
[Black "Kraiouchkine, Nikita"]
[Result "1/2-1/2"]
[WhiteElo "1598"]
[BlackElo "1574"]
[PlyCount "65"]
[EventDate "2004.??.??"]
[EventType "swiss"]
[EventRounds "5"]
[EventCountry "CAN"]

1. e4 e5 2. Nf3 Nc6 3. Bc4 Nf6 4. Nc3 Nxe4 5. Nxe4 d5 6. Bxd5 Qxd5 7. Nc3 Qd8
8. h3 Be6 9. d3 f6 10. Be3 Qd7 11. d4 exd4 12. Nxd4 Nxd4 13. Qxd4 Qxd4 14. Bxd4
O-O-O 15. O-O-O Bd6 16. Rhe1 Rhe8 17. a3 Bf7 18. Be3 Be5 19. Rxd8+ Rxd8 20. Bd2
c6 21. f4 Bd6 22. Ne4 Bc7 23. Nc5 Bd5 24. g3 Bb6 25. Nd3 Bc4 26. Re7 Rd7 27.
Rxd7 Kxd7 28. Kd1 Kd6 29. b3 Bd5 30. Ke2 Bg2 31. h4 h5 32. Ne1 Be4 33. c4
1/2-1/2

[Event "Sherbrooke op-B"]
[Site "Sherbrooke CAN"]
[Date "2004.05.30"]
[Round "4"]
[White "Kraiouchkine, Nikita"]
[Black "Poirier, Vincent"]
[Result "1-0"]
[WhiteElo "1574"]
[BlackElo "1706"]
[PlyCount "63"]
[EventDate "2004.??.??"]
[EventType "swiss"]
[EventRounds "5"]
[EventCountry "CAN"]

1. e4 d6 2. d4 Nf6 3. Nc3 g6 4. f3 Bg7 5. Bg5 Bd7 6. Qd2 c6 7. g4 Qb6 8. Na4
Qc7 9. Nc3 h5 10. Bxf6 Bxf6 11. g5 Bg7 12. Bh3 f6 13. f4 fxg5 14. fxg5 Rf8 15.
O-O-O c5 16. Nd5 Qc6 17. Bxd7+ Nxd7 18. Ne2 e6 19. Ndc3 Qa6 20. dxc5 Rf2 21.
Qxd6 Qxd6 22. cxd6 Nc5 23. Nd4 Rc8 24. Nxe6 Rf7 25. Nxg7+ Rxg7 26. e5 Ne6 27.
h4 Kd7 28. Rhf1 a6 29. Nd5 Rc6 30. Rf6 b6 31. Ne7 Rc5 32. Nxg6 1-0

[Event "Sherbrooke op-B"]
[Site "Sherbrooke CAN"]
[Date "2004.05.30"]
[Round "5"]
[White "Kraiouchkine, Nikita"]
[Black "Courteau, Bernard"]
[Result "1-0"]
[WhiteElo "1574"]
[BlackElo "1601"]
[PlyCount "71"]
[EventDate "2004.??.??"]
[EventType "swiss"]
[EventRounds "5"]
[EventCountry "CAN"]

1. e4 c5 2. Nf3 Nc6 3. d4 cxd4 4. Nxd4 Nf6 5. Nc3 d6 6. Bg5 e5 7. Nb3 Be7 8.
Bc4 O-O 9. Qd2 a6 10. a4 Be6 11. Bxe6 fxe6 12. O-O-O Kh8 13. f4 Ng4 14. Bxe7
Qxe7 15. h3 Nh6 16. Qxd6 Qf6 17. fxe5 Qf4+ 18. Qd2 Qxe5 19. Rhf1 Rfd8 20. Qe2
Qg5+ 21. Kb1 Rdc8 22. Rd7 b5 23. axb5 axb5 24. Nxb5 Rcb8 25. Nc7 Rxb3 26. cxb3
Rb8 27. Nxe6 Qa5 28. Rd5 Qa7 29. Rb5 Ra8 30. Qc4 Rc8 31. Qc5 Qd7 32. Rf8+ Rxf8
33. Nxf8 Qd3+ 34. Ka2 Qxe4 35. g4 Nd4 36. Rb4 1-0

[Event "Pere Noel U1700"]
[Site "Montreal CAN"]
[Date "2003.12.27"]
[Round "2"]
[White "Rozybakiyev, Ilchin"]
[Black "Kraiouchkine, Nikita"]
[Result "0-1"]
[WhiteElo "1320"]
[BlackElo "1481"]
[PlyCount "82"]
[EventDate "2003.12.26"]
[EventType "swiss"]
[EventRounds "5"]
[EventCountry "CAN"]

1. e4 e5 2. Nf3 Nc6 3. d4 exd4 4. Nxd4 Nf6 5. Nc3 Bb4 6. Nxc6 dxc6 7. Qxd8+
Kxd8 8. Bd3 Bxc3+ 9. bxc3 h6 10. Be3 Be6 11. Bd4 Re8 12. Bxf6+ gxf6 13. O-O Ke7
14. h3 Kf8 15. f4 Rad8 16. f5 Bc8 17. Rf4 Re5 18. a4 b6 19. Rff1 Bb7 20. Rf4 a6
21. g4 Ra5 22. Rff1 Rc5 23. Ra3 Re5 24. Kg2 c5 25. Re1 Rde8 26. Rf1 c4 27. Be2
Bxe4+ 28. Kg3 Bxc2 29. Bxc4 b5 30. axb5 axb5 31. Ba2 Bd3 32. Rd1 Re3+ 33. Kh4
Bxf5 34. Rf1 Bg6 35. Rxf6 c5 36. Ra5 Rxc3 37. Rf1 b4 38. Ra6 Ree3 39. g5 Rxh3+
40. Kg4 Rhg3+ 41. Kh4 hxg5# 0-1

[Event "Pere Noel U1700"]
[Site "Montreal CAN"]
[Date "2003.12.28"]
[Round "3"]
[White "Kraiouchkine, Nikita"]
[Black "Cristel, Robert"]
[Result "1-0"]
[WhiteElo "1481"]
[BlackElo "1304"]
[PlyCount "31"]
[EventDate "2003.12.26"]
[EventType "swiss"]
[EventRounds "5"]
[EventCountry "CAN"]

1. e4 d6 2. d4 Nf6 3. Nc3 g6 4. f3 Bg7 5. Be3 O-O 6. Qd2 Re8 7. O-O-O Nbd7 8.
g4 Nb6 9. h4 e5 10. h5 Qe7 11. d5 Bd7 12. hxg6 hxg6 13. Qh2 Na4 14. Nxa4 Bxa4
15. Bh6 Qf8 16. Bg5 1-0

[Event "CAN-op"]
[Site "Kapuskasing CAN"]
[Date "2003.07.19"]
[Round "9"]
[White "Yuan, Yuanling"]
[Black "Kraiouchkine, Nikita"]
[Result "1-0"]
[WhiteElo "1521"]
[BlackElo "1459"]
[PlyCount "77"]
[EventDate "2003.07.12"]
[EventType "swiss"]
[EventRounds "9"]
[EventCountry "CAN"]

1. e4 e5 2. Nf3 Nc6 3. Bb5 a6 4. Ba4 Nf6 5. O-O b5 6. Bb3 Bc5 7. Re1 O-O 8. c3
d6 9. d4 Bb6 10. Bg5 h6 11. Bh4 Bg4 12. d5 Na5 13. Bc2 Nb7 14. Nbd2 Rc8 15. b3
Qe7 16. h3 Bh5 17. a4 Nc5 18. b4 Ncd7 19. Bd3 c6 20. Qb3 cxd5 21. exd5 Rb8 22.
axb5 axb5 23. Kh1 Bc7 24. Nd4 Qe8 25. Nxb5 Qc8 26. Ra7 Rb7 27. Rea1 Ne8 28. Be7
Bb8 29. Rxb7 Qxb7 30. Bxf8 Kxf8 31. c4 Qb6 32. Ne4 f5 33. Ng3 Bf7 34. Bxf5 Ndf6
35. Qe3 Nxd5 36. Qxb6 Nxb6 37. c5 Bc4 38. cxb6 Bxb5 39. Ra8 1-0

[Event "CYCC U10"]
[Site "Kapuskasing CAN"]
[Date "2003.07.07"]
[Round "2"]
[White "Kraiouchkine, Nikita"]
[Black "Gupta, Udit"]
[Result "1-0"]
[WhiteElo "1518"]
[BlackElo "1206"]
[PlyCount "101"]
[EventDate "2003.07.07"]
[EventType "swiss"]
[EventRounds "7"]
[EventCountry "CAN"]
[Source "CFC"]
[SourceDate "2003.08.??"]

1. e4 e5 2. Nf3 Nc6 3. Bc4 h6 4. d4 exd4 5. Nxd4 Bc5 6. Be3 Qh4 7. Qf3 Ne5 8.
Bxf7+ Nxf7 9. Nf5 Qf6 10. Bxc5 Qxb2 11. Qc3 Qxc3+ 12. Nxc3 d6 13. Nxg7+ Kf8 14.
Bd4 c5 15. Ne6+ Bxe6 16. Bxh8 Nxh8 17. O-O Nf6 18. f3 Bc4 19. Rfd1 Ke7 20. Rd2
b5 21. a3 Nf7 22. Kf2 Ne5 23. Ne2 Rf8 24. Kg1 Rg8 25. Ng3 d5 26. exd5 Bxd5 27.
Kf2 Rf8 28. h3 Ke6 29. Re1 Kd6 30. Red1 Nc4 31. Re2 Nxa3 32. Nf5+ Kc6 33. Ne7+
Kd6 34. Nxd5 Nxd5 35. Red2 Rf5 36. g4 Re5 37. f4 Re4 38. Rxd5+ Ke7 39. Re1 Rxe1
40. Kxe1 Nxc2+ 41. Kd2 Nd4 42. Rh5 Ne6 43. f5 Ng5 44. Rxh6 c4 45. h4 Nf7 46.
Ra6 b4 47. g5 b3 48. Kc3 b2 49. Kxb2 c3+ 50. Kxc3 Nxg5 51. hxg5 1-0

[Event "CYCC U10"]
[Site "Kapuskasing CAN"]
[Date "2003.07.08"]
[Round "3"]
[White "Rozybakiyev, Ilchin"]
[Black "Kraiouchkine, Nikita"]
[Result "1/2-1/2"]
[WhiteElo "1211"]
[BlackElo "1518"]
[PlyCount "27"]
[EventDate "2003.07.07"]
[EventType "swiss"]
[EventRounds "7"]
[EventCountry "CAN"]

1. e4 e5 2. Nf3 Nc6 3. Bc4 Bc5 4. c3 Nf6 5. d4 exd4 6. cxd4 Bb4+ 7. Bd2 Bxd2+
8. Nfxd2 d5 9. exd5 Nxd5 10. Qb3 Na5 11. Qa4+ Nc6 12. Qb3 Na5 13. Qa4+ Nc6 14.
Qb3 1/2-1/2

[Event "Laval XX"]
[Site "Laval CAN"]
[Date "2003.04.13"]
[Round "4"]
[White "Bigras, Daniel"]
[Black "Kraiouchkine, Nikita"]
[Result "0-1"]
[WhiteElo "1212"]
[BlackElo "1377"]
[PlyCount "60"]
[EventDate "2003.04.11"]
[EventType "swiss"]
[EventRounds "5"]
[EventCountry "CAN"]

1. d4 Nf6 2. c4 g6 3. Nf3 Bg7 4. Nc3 d5 5. c5 O-O 6. e3 Bf5 7. Bd3 Be4 8. O-O
Nc6 9. a3 Qd7 10. b4 Qf5 11. g3 Qxf3 12. Qxf3 Bxf3 13. Re1 Rfe8 14. Bb2 e5 15.
Nb5 Rac8 16. dxe5 Nxe5 17. Bxe5 Rxe5 18. Nxa7 Rce8 19. Rac1 d4 20. a4 dxe3 21.
Rxe3 Rxe3 22. fxe3 Rxe3 23. Bf1 Ne4 24. a5 Bd4 25. Rc4 Rd3+ 26. Rxd4 Rxd4 27.
a6 bxa6 28. Bxa6 Rd1+ 29. Bf1 Nd2 30. c6 Rxf1# 0-1

[Event "Laval XX"]
[Site "Laval CAN"]
[Date "2003.04.13"]
[Round "5"]
[White "Kraiouchkine, Nikita"]
[Black "Landou, Mohamed"]
[Result "1-0"]
[WhiteElo "1377"]
[BlackElo "1288"]
[PlyCount "103"]
[EventDate "2003.04.11"]
[EventType "swiss"]
[EventRounds "5"]
[EventCountry "CAN"]

1. e4 e5 2. Nf3 Nf6 3. Nc3 Nc6 4. Bc4 Be7 5. d4 exd4 6. Nxd4 O-O 7. Be3 Ne5 8.
Be2 d6 9. h3 Bd7 10. Qd2 a6 11. O-O-O b5 12. f4 b4 13. Nb1 Nxe4 14. Qxb4 c5 15.
Ne6 cxb4 16. Nxd8 Rfxd8 17. fxe5 dxe5 18. Bf3 Bc6 19. Nd2 f5 20. Nxe4 Bxe4 21.
Bxe4 fxe4 22. Rxd8+ Rxd8 23. Rd1 Kf7 24. Rxd8 Bxd8 25. Kd2 h5 26. c3 a5 27. Bc5
bxc3+ 28. Kxc3 Ke6 29. Be3 Kf5 30. b4 axb4+ 31. Kxb4 Bg5 32. Bxg5 Kxg5 33. Kc3
Kf4 34. Kd2 g5 35. a4 e3+ 36. Ke2 Ke4 37. a5 Kd5 38. Kxe3 g4 39. a6 Kc6 40.
hxg4 hxg4 41. Ke4 Kb6 42. Kxe5 Kxa6 43. Kf4 g3 44. Kxg3 Kb7 45. Kf4 Kc8 46. Ke5
Kd7 47. Kf6 Ke8 48. Kg7 Ke7 49. g4 Ke8 50. g5 Ke7 51. g6 Ke8 52. Kh7 1-0

[Event "Mauricie op"]
[Site "Shawinigan CAN"]
[Date "2003.03.21"]
[Round "1"]
[White "Beauregard, Simon"]
[Black "Kraiouchkine, Nikita"]
[Result "0-1"]
[WhiteElo "1362"]
[BlackElo "1225"]
[PlyCount "78"]
[EventDate "2003.03.21"]
[EventType "swiss"]
[EventRounds "5"]
[EventCountry "CAN"]

1. e4 e5 2. Nf3 Nc6 3. Bb5 a6 4. Bxc6 dxc6 5. d3 Bd6 6. O-O Bg4 7. h3 Bh5 8. b3
f6 9. c4 g5 10. g4 Bf7 11. Nh2 Qd7 12. Ba3 O-O-O 13. c5 Be7 14. Qe2 h5 15. Kg2
hxg4 16. Nxg4 Qxd3 17. Qxd3 Rxd3 18. Rh1 Be6 19. f3 Bxg4 20. fxg4 Re3 21. Bc1
Rxe4 22. Nc3 Rd4 23. Be3 Rd3 24. Nd1 Nh6 25. b4 Rhd8 26. Kf3 R8d5 27. h4 Nf7
28. h5 Nh6 29. Nf2 Ra3 30. Ne4 Rdd3 31. Rhe1 f5 32. Nf2 Rdc3 33. gxf5 Nxf5 34.
Ng4 Nd4+ 35. Ke4 Nc2 36. Rac1 Nxe1 37. Rxc3 Rxc3 38. Bd2 Rc4+ 39. Kxe5 Nf3+ 0-1

[Event "Mauricie op"]
[Site "Shawinigan CAN"]
[Date "2003.03.23"]
[Round "5"]
[White "Arsenault, Jean"]
[Black "Kraiouchkine, Nikita"]
[Result "0-1"]
[WhiteElo "1237"]
[BlackElo "1362"]
[PlyCount "92"]
[EventDate "2003.03.21"]
[EventType "swiss"]
[EventRounds "5"]
[EventCountry "CAN"]

1. e4 e5 2. Nf3 Nc6 3. Bb5 a6 4. Ba4 d6 5. O-O Bd7 6. c3 Nge7 7. Bb3 h6 8. d4
g5 9. dxe5 dxe5 10. Be3 Bg7 11. h3 O-O 12. Qe2 Ng6 13. Bc5 Re8 14. Rd1 Qc8 15.
Nh2 Nf4 16. Qf3 h5 17. g4 hxg4 18. Nxg4 Nxh3+ 19. Kh2 Nf4 20. Rg1 Bxg4 21. Rxg4
Bf6 22. Kg3 Ne7 23. Bxe7 Rxe7 24. Nd2 Qd7 25. Rd1 Kg7 26. Nc4 Rh8 27. Rh1 Rxh1
28. Qxh1 Qd3+ 29. Ne3 Qe2 30. Nf5+ Kg8 31. Nxe7+ Bxe7 32. Qf3 Qf1 33. Rxf4 Qg1+
34. Kh3 exf4 35. e5 Kg7 36. Bd5 c6 37. Be4 Bc5 38. Qh5 Bxf2 39. Qh7+ Kf8 40.
Qh8+ Ke7 41. Qf6+ Ke8 42. Qh8+ Kd7 43. Bf5+ Kc7 44. Qc8+ Kb6 45. Qd8+ Ka7 46.
Qd3 Be3 0-1

[Event "Quebec-ch U10"]
[Site "Montreal CAN"]
[Date "2003.03.07"]
[Round "1"]
[White "Kraiouchkine, Nikita"]
[Black "Nguyen, Sandy"]
[Result "1-0"]
[WhiteElo "1361"]
[BlackElo "1031"]
[PlyCount "73"]
[EventDate "2003.03.07"]
[EventType "tourn"]
[EventRounds "5"]
[EventCountry "CAN"]

1. e4 e5 2. Nf3 Nc6 3. Bc4 Be7 4. d4 d6 5. dxe5 Bg4 6. exd6 Bxd6 7. Nbd2 Bb4 8.
c3 Be7 9. Nb3 Qxd1+ 10. Kxd1 Ne5 11. Be2 Nf6 12. Nxe5 Bxe2+ 13. Kxe2 Nxe4 14.
Be3 O-O 15. Rad1 Rfe8 16. Rd4 Nf6 17. Rhd1 Ba3 18. bxa3 Rxe5 19. Rd8+ Rxd8 20.
Rxd8+ Ne8 21. Rd7 h6 22. Kd3 Nf6 23. Rxc7 b6 24. Rxa7 Rh5 25. h3 Rg5 26. Bxg5
hxg5 27. Rb7 Nd5 28. g3 f6 29. c4 Nf4+ 30. gxf4 gxf4 31. Rxb6 Kh7 32. c5 g5 33.
c6 f5 34. c7 g4 35. c8=Q gxh3 36. Qd7+ Kh8 37. Rb8# 1-0

[Event "Quebec-ch U10"]
[Site "Montreal CAN"]
[Date "2003.03.08"]
[Round "2"]
[White "Nguyen, Michael"]
[Black "Kraiouchkine, Nikita"]
[Result "0-1"]
[WhiteElo "1066"]
[BlackElo "1361"]
[PlyCount "72"]
[EventDate "2003.03.07"]
[EventType "tourn"]
[EventRounds "5"]
[EventCountry "CAN"]

1. e4 e5 2. f4 d5 3. exd5 e4 4. d3 exd3 5. Bxd3 Nf6 6. Nc3 Bb4 7. Bc4 O-O 8. a3
Bxc3+ 9. bxc3 a6 10. Ne2 b5 11. Bb3 Re8 12. O-O Bg4 13. Re1 Qe7 14. Kf2 Ne4+
15. Kf1 Qh4 16. Be3 Nxc3 17. Qd2 Nxe2 18. Rxe2 Bxe2+ 19. Qxe2 Nd7 20. a4 b4 21.
Kg1 Nf6 22. h3 Qg3 23. Bf2 Qxg2+ 24. Kxg2 Rxe2 25. Rd1 Rae8 26. d6 cxd6 27.
Rxd6 Ne4 28. Rxa6 Rxf2+ 29. Kg1 Rd2 30. Ra7 Rf8 31. a5 Nc5 32. a6 Nxb3 33. cxb3
Rc8 34. Ra8 Rxa8 35. a7 Rxa7 36. f5 Ra1# 0-1

[Event "Quebec-ch U10"]
[Site "Montreal CAN"]
[Date "2003.03.08"]
[Round "3"]
[White "Kraiouchkine, Nikita"]
[Black "Carron, Leonore"]
[Result "1-0"]
[WhiteElo "1361"]
[BlackElo "1145"]
[PlyCount "95"]
[EventDate "2003.03.07"]
[EventType "tourn"]
[EventRounds "5"]
[EventCountry "CAN"]

1. e4 e5 2. Nf3 Nc6 3. Bc4 Bc5 4. c3 Nf6 5. d4 exd4 6. cxd4 Bb4+ 7. Bd2 Nxe4 8.
Bxb4 Nxb4 9. Bxf7+ Kf8 10. O-O Qe7 11. Bb3 d6 12. Re1 Bf5 13. Qe2 Re8 14. Qb5
Nc6 15. Qxf5+ Qf6 16. Qxf6+ gxf6 17. Nc3 f5 18. Nd5 Rc8 19. Rac1 Kg7 20. Bc2
Rhe8 21. Bxe4 fxe4 22. Ng5 Nxd4 23. Nxc7 Rf8 24. Nce6+ Nxe6 25. Nxe6+ Kf7 26.
Nxf8 Rxf8 27. Rxe4 Rd8 28. f4 d5 29. Rd1 dxe4 30. Rxd8 Kf6 31. Kf2 Kf5 32. Ke3
b5 33. Re8 h5 34. Rxe4 a5 35. Re5+ Kf6 36. Rxh5 Kg6 37. g4 a4 38. f5+ Kf6 39.
Ke4 b4 40. a3 Ke7 41. Rh6 Kf7 42. Ke5 Kg7 43. g5 Kf7 44. Rh7+ Kg8 45. g6 Kf8
46. Ke6 Kg8 47. f6 Kf8 48. Rh8# 1-0

[Event "Quebec-ch U10"]
[Site "Montreal CAN"]
[Date "2003.03.09"]
[Round "4"]
[White "Rozybakiyev, Ilchin"]
[Black "Kraiouchkine, Nikita"]
[Result "1/2-1/2"]
[WhiteElo "1138"]
[BlackElo "1361"]
[PlyCount "56"]
[EventDate "2003.03.07"]
[EventType "tourn"]
[EventRounds "5"]
[EventCountry "CAN"]

1. e4 c5 2. c4 Nc6 3. Nf3 e5 4. Nc3 d6 5. d3 h6 6. Be2 Be6 7. Be3 Nd4 8. Bxd4
cxd4 9. Nd5 Be7 10. a3 Qd7 11. Rc1 f5 12. b4 Nf6 13. Qc2 Rc8 14. Nxe7 Kxe7 15.
Nh4 Kf7 16. exf5 Bxf5 17. Nxf5 Qxf5 18. Bf3 b5 19. O-O h5 20. Rfe1 g5 21. g3 g4
22. Bg2 h4 23. Bb7 Rc7 24. Bg2 Rcc8 25. Bb7 Rc7 26. Bg2 Rcc8 27. Bb7 Rc7 28.
Bg2 Rcc8 1/2-1/2

[Event "Quebec-ch U10"]
[Site "Montreal CAN"]
[Date "2003.03.09"]
[Round "5"]
[White "Kraiouchkine, Nikita"]
[Black "Dinku, Joel"]
[Result "1-0"]
[WhiteElo "1361"]
[BlackElo "825"]
[PlyCount "37"]
[EventDate "2003.03.07"]
[EventType "tourn"]
[EventRounds "5"]
[EventCountry "CAN"]

1. e4 e5 2. Nf3 Nf6 3. Nc3 Nc6 4. Bc4 Nxe4 5. O-O g6 6. Nxe4 d5 7. Bxd5 Qxd5 8.
Nf6+ Ke7 9. Nxd5+ Ke8 10. Nxc7+ Kd7 11. Nxa8 b6 12. d4 e4 13. Ne5+ Ke6 14. Nxc6
Bb7 15. Nd8+ Kd7 16. Nxb7 Kc8 17. Qg4+ Kxb7 18. Qd7+ Kxa8 19. Qc8# 1-0

[Event "CAN-ch U20 2003"]
[Site "Shawinigan CAN"]
[Date "2003.01.03"]
[Round "1.9"]
[White "Kraiouchkine, Nikita"]
[Black "McAlpin, John-Francis"]
[Result "0-1"]
[WhiteElo "1262"]
[BlackElo "2000"]
[PlyCount "108"]
[EventDate "2003.01.03"]
[EventType "swiss"]
[EventRounds "7"]
[EventCountry "CAN"]

1. c4 Nf6 2. Nc3 e6 3. g3 c6 4. Bg2 d5 5. cxd5 exd5 6. d4 Bf5 7. Qb3 Qb6 8.
Qxb6 axb6 9. Bf4 Nbd7 10. Nf3 h6 11. h4 Be7 12. O-O O-O 13. Rfe1 Bb4 14. Nd2
Rfe8 15. a3 Bxc3 16. bxc3 Ra7 17. Ra2 c5 18. f3 Be6 19. Rea1 Nh5 20. Bd6 f5 21.
Kf2 g5 22. hxg5 hxg5 23. Rb2 Rea8 24. Rba2 Nhf6 25. f4 g4 26. Be5 Ne4+ 27. Nxe4
dxe4 28. Rd2 cxd4 29. Bxd4 Rxa3 30. Rxa3 Rxa3 31. Rb2 Rb3 32. Rxb3 Bxb3 33. e3
Bc4 34. Bf1 Bxf1 35. Kxf1 Kf7 36. Ke2 Ke6 37. c4 Nc5 38. Kd1 Kd6 39. Kc2 Kc6
40. Kc3 Nd3 41. Bf6 b5 42. cxb5+ Kxb5 43. Kb3 Nc1+ 44. Kc2 Ne2 45. Bh4 Kc4 46.
Kd2 Nc3 47. Bf6 Na4 48. Kc2 b5 49. Bd4 b4 50. Be5 b3+ 51. Kd2 b2 52. Kc2 b1=Q+
53. Kxb1 Kd3 54. Bd4 Nc3+ 0-1

[Event "CAN-ch U20 2003"]
[Site "Shawinigan CAN"]
[Date "2003.01.04"]
[Round "2.9"]
[White "McDonald, Justin"]
[Black "Kraiouchkine, Nikita"]
[Result "1-0"]
[WhiteElo "1826"]
[BlackElo "1262"]
[PlyCount "55"]
[EventDate "2003.01.03"]
[EventType "swiss"]
[EventRounds "7"]
[EventCountry "CAN"]

1. e4 e5 2. Nf3 Nc6 3. Bb5 a6 4. Bxc6 dxc6 5. d3 f6 6. Be3 Be6 7. O-O Qd7 8.
Qd2 O-O-O 9. Rd1 g5 10. Nc3 c5 11. b3 h5 12. Na4 Qb5 13. c3 g4 14. Nh4 Ne7 15.
Nxc5 Bf7 16. a4 Qc6 17. d4 exd4 18. cxd4 Ng6 19. Nxg6 Bxg6 20. d5 Qd6 21. Rac1
f5 22. Ne6 Rd7 23. Bf4 Qb6 24. Nxc7 Kd8 25. Ne6+ Ke8 26. exf5 Bxf5 27. Ng7+ Kf7
28. Nxf5 1-0

[Event "CAN-ch U20 2003"]
[Site "Shawinigan CAN"]
[Date "2003.01.04"]
[Round "3.10"]
[White "Kraiouchkine, Nikita"]
[Black "Lu, David"]
[Result "0-1"]
[WhiteElo "1262"]
[BlackElo "1464"]
[PlyCount "58"]
[EventDate "2003.01.03"]
[EventType "swiss"]
[EventRounds "7"]
[EventCountry "CAN"]

1. c4 e5 2. Nc3 Nc6 3. g3 Nf6 4. Bg2 Bc5 5. d3 d6 6. a3 O-O 7. b4 Bd4 8. Bd2 a6
9. e3 Bg4 10. f3 Bxc3 11. Bxc3 Be6 12. Ne2 Re8 13. O-O Qd7 14. Re1 b5 15. c5
Nd5 16. Qd2 dxc5 17. bxc5 Qe7 18. d4 exd4 19. exd4 Nxc3 20. Nxc3 Rad8 21. Re4
Qd7 22. Rd1 Bb3 23. Rde1 Rxe4 24. Rxe4 Nxd4 25. Qe3 Ne6 26. Bh3 Qd3 27. Bg2
Qxe3+ 28. Rxe3 Nxc5 29. Re7 Ne6 0-1

[Event "CAN-ch U20 2003"]
[Site "Shawinigan CAN"]
[Date "2003.01.05"]
[Round "4.11"]
[White "Kraiouchkine, Nikita"]
[Black "Federico, Anthony"]
[Result "1-0"]
[WhiteElo "1262"]
[BlackElo "1026"]
[PlyCount "109"]
[EventDate "2003.01.03"]
[EventType "swiss"]
[EventRounds "7"]
[EventCountry "CAN"]

1. c4 e6 2. e4 c6 3. Nc3 Ne7 4. d4 g6 5. Bg5 Bg7 6. e5 O-O 7. Qd2 f5 8. exf6
Bxf6 9. Bxf6 Rxf6 10. Nf3 d5 11. c5 Nd7 12. Bd3 b5 13. O-O Bb7 14. Rfe1 Qf8 15.
Ne5 Nxe5 16. Rxe5 Nf5 17. Bxf5 exf5 18. Rae1 a5 19. a3 b4 20. Na4 Rd8 21. axb4
axb4 22. Qxb4 Rf7 23. Nb6 f4 24. f3 Bc8 25. R1e2 Ba6 26. Re1 Bb5 27. Nxd5 Rxd5
28. Re8 Qxe8 29. Rxe8+ Kg7 30. Re5 Rd8 31. d5 Rfd7 32. d6 Rf8 33. Re7+ Rxe7 34.
dxe7 Re8 35. Qd4+ Kf7 36. Qxf4+ Ke6 37. Qd6+ Kf7 38. Qf4+ Ke6 39. Qe4+ Kf7 40.
Qh4 h5 41. Qf4+ Ke6 42. g4 Kxe7 43. gxh5 gxh5 44. Qg5+ Kf8 45. Qxh5 Re7 46. f4
Re1+ 47. Kf2 Re2+ 48. Qxe2 Bxe2 49. Kxe2 Ke7 50. h4 Kf6 51. Ke3 Ke6 52. Ke4 Kf6
53. h5 Kg7 54. Ke5 Kh6 55. Kd6 1-0

[Event "CAN-ch U20 2003"]
[Site "Shawinigan CAN"]
[Date "2003.01.05"]
[Round "5.11"]
[White "Simard, Remi"]
[Black "Kraiouchkine, Nikita"]
[Result "1/2-1/2"]
[WhiteElo "1166"]
[BlackElo "1262"]
[PlyCount "81"]
[EventDate "2003.01.03"]
[EventType "swiss"]
[EventRounds "7"]
[EventCountry "CAN"]

1. e4 e5 2. Nf3 Nc6 3. Bb5 a6 4. Ba4 d6 5. h3 Bd7 6. c3 Nge7 7. O-O h6 8. d4 g5
9. Nh2 Bg7 10. d5 Nb8 11. Bxd7+ Nxd7 12. b4 Ng6 13. Ng4 O-O 14. Ne3 Nf6 15. Qc2
Qd7 16. Nf5 Rfd8 17. Be3 c6 18. c4 b5 19. dxc6 Qxc6 20. Nd2 bxc4 21. f3 d5 22.
exd5 Qxd5 23. Qxc4 Qxc4 24. Nxc4 Rd3 25. Rfd1 Rad8 26. Ncd6 Rxd1+ 27. Rxd1 Ne8
28. Bc5 Nxd6 29. Rxd6 Rxd6 30. Nxd6 Nf4 31. Nc4 Ne6 32. a4 Nxc5 33. bxc5 Kf8
34. Kf2 Ke7 35. Ke3 Kd7 36. Na5 f5 37. Kd3 h5 38. g4 hxg4 39. hxg4 fxg4 40.
fxg4 Bf8 41. Nb3 1/2-1/2

[Event "CAN-ch U20 2003"]
[Site "Shawinigan CAN"]
[Date "2003.01.06"]
[Round "6.9"]
[White "Godbout, Mathieu"]
[Black "Kraiouchkine, Nikita"]
[Result "1/2-1/2"]
[WhiteElo "1745"]
[BlackElo "1266"]
[PlyCount "57"]
[EventDate "2003.01.03"]
[EventType "swiss"]
[EventRounds "7"]
[EventCountry "CAN"]

1. d4 Nf6 2. c4 g6 3. Nc3 d5 4. cxd5 Nxd5 5. e4 Nxc3 6. bxc3 Bg7 7. Be3 c5 8.
Bc4 Nc6 9. Ne2 O-O 10. O-O cxd4 11. cxd4 Bg4 12. f3 Na5 13. Bxf7+ Rxf7 14. fxg4
Rxf1+ 15. Kxf1 Qd7 16. Rc1 Qxg4 17. Qc2 Rf8+ 18. Kg1 b5 19. a4 Nc4 20. axb5
Nxe3 21. Qb3+ Nd5 22. Qxd5+ e6 23. Qc4 Qxe4 24. h3 Rd8 25. Rd1 Qd5 26. Qa4 Qe4
27. Qc4 Qd5 28. Qa4 Qe4 29. Qc4 1/2-1/2